000 00950nam a22002657a 4500
001 06574
003 HDC
008 210124p2017 n |0 eng
022 _a2222-6990
040 _aHDC
100 _aAzmawani Abd Rahman,
_eauthor
_979
245 0 _aEstablishment of Traceability practices through Halal Assurance System (HAS) Implementation /
_cAzmawani Abd Rahman and Mohani Abdul
260 _a[No place] :
_bHR MARS,
_c2017
336 _atext
_2rdacontent
337 _acomputer
_2rdamedia
338 _aonline resource
_2rdacarrier
650 _aHalal Assurance System,
_981
650 _aHalal food supply chain,
_9757
650 _aTraceability
_95386
700 _aMohani Abdul,
_eauthor
_949
856 _zRequest full-text at [email protected]
942 _2lcc
942 _cAR
942 _kJART 000577
999 _c3898
_d3898